[Event "Foxwoods op 16th"]
[Site "Ledyard"]
[Date "2024.03.30"]
[Round "6"]
[White "Reiss, Aiden"]
[Black "Sorokin, Aleksey"]
[Result "1-0"]
[WhiteElo "2135"]
[BlackElo "2551"]
[PlyCount "87"]
[EventDate "2024.03.27"]
[EventType "swiss"]
[EventRounds "9"]
[EventCountry "USA"]
[SourceTitle "CB14_2024"]
[SourceDate "2024.04.01"]
[SourceVersion "1"]
[SourceVersionDate "2024.04.01"]
[SourceQuality "1"]

1. e4 c5 2. Nf3 d6 3. d4 cxd4 4. Nxd4 Nf6 5. Nc3 a6 6. Bg5 Nbd7 7. Bc4 Qb6 8. Bb3 e6 9. a4 Qa5 10. Qd2 Be7 11. f3 Ne5 12. Be3 h5 13. h3 Bd7 14. 0-0 Rc8 15. Qe2 Nc6 16. Rad1 g5 17. Qf2 Rg8 18. Nxc6 Rxc6 19. g4 hxg4 20. hxg4 Nh7 21. Rfe1 Kf8 22. Bd4 Rg6 23. Qh2 Nf6 24. Kf2 Ng8 25. Re2 Rh6 26. Qg3 Bd8 27. Kg2 Ne7 28. Be3 Ng6 29. e5 Qxe5 30. Qxe5 Nxe5 31. Ne4 d5 32. Bxg5 Bxg5 33. Nxg5 Ng6 34. Kg3 f6 35. Ne4 dxe4 36. Rxd7 Ne5 37. Rxb7 exf3 38. Rd2 Ke8 39. a5 Rg6 40. Rh2 Rxg4+ 41. Kf2 Ng6 42. Rhh7 Rc8 43. Bxe6 Rxc2+ 44. Ke3 1-0

[Event "Foxwoods op 16th"]
[Site "Ledyard"]
[Date "2024.03.29"]
[Round "4"]
[White "Sorokin, Aleksey"]
[Black "Schmakel, Sam A"]
[Result "0-1"]
[WhiteElo "2551"]
[BlackElo "2457"]
[PlyCount "62"]
[EventDate "2024.03.27"]
[EventType "swiss"]
[EventRounds "9"]
[EventCountry "USA"]
[SourceTitle "CB14_2024"]
[SourceDate "2024.04.01"]
[SourceVersion "1"]
[SourceVersionDate "2024.04.01"]
[SourceQuality "1"]

1. d4 Nf6 2. c4 g6 3. Nc3 Bg7 4. e4 d6 5. Nf3 0-0 6. Be2 e5 7. 0-0 exd4 8. Nxd4 Re8 9. f3 c6 10. Kh1 d5 11. cxd5 cxd5 12. Bg5 Nc6 13. Bb5 h6 14. Nxc6 bxc6 15. Bxc6 hxg5 16. Bxa8 d4 17. Ne2 d3 18. Ng3 Ba6 19. Bc6 Re6 20. Qa4 Qb6 21. Bd5 Nxd5 22. exd5 Re5 23. Rfe1 Rxd5 24. Qe8+ Bf8 25. Re7 Qf6 26. Rxa7 d2 27. Rd1 Re5 28. Ne4 Qf4 29. Qd7 Be2 30. Ra8 Bxf3 31. Qxd2 Bxd1 0-1

[Event "US op 123nd"]
[Site "Grand Rapids"]
[Date "2023.08.06"]
[Round "9"]
[White "Liang, Jason"]
[Black "Sorokin, Aleksey"]
[Result "0-1"]
[WhiteElo "2474"]
[BlackElo "2547"]
[PlyCount "120"]
[EventDate "2023.07.29"]
[EventType "swiss"]
[EventRounds "9"]
[EventCountry "USA"]
[SourceTitle "CBM 215 Extra"]
[Source "ChessBase"]
[SourceDate "2023.09.30"]
[SourceVersion "1"]
[SourceVersionDate "2023.09.30"]
[SourceQuality "1"]

1. d4 Nf6 2. Bf4 d5 3. e3 e6 4. Nf3 c5 5. Nbd2 Nc6 6. c3 Bd6 7. Bg3 0-0 8. Bd3 b6 9. e4 Be7 10. e5 Nh5 11. Ng5 Bxg5 12. Qxh5 g6 13. Qe2 cxd4 14. h4 Be7 15. h5 Kg7 16. Nb3 dxc3 17. bxc3 Bd7 18. Rd1 Rc8 19. 0-0 a5 20. Nd4 Nxd4 21. cxd4 b5 22. Bxb5 Bxb5 23. Qxb5 Rc4 24. Bf4 Bg5 25. Bxg5 Qxg5 26. Qxa5 Qxh5 27. Qa7 Qf5 28. a4 h5 29. Ra1 Rfc8 30. Ra3 Rc1 31. Ra1 Rxa1 32. Rxa1 Rc2 33. Rf1 Ra2 34. a5 h4 35. Qe7 Qf4 36. Qb4 Qg5 37. Qc3 Qf4 38. Qb4 g5 39. Qc3 Qf5 40. Kh2 g4 41. Kg1 Qe4 42. Re1 Qf4 43. Rf1 Qf5 44. Qe1 Qe4 45. Qc1 h3 46. Qg5+ Qg6 47. Qd8 hxg2 48. Kxg2 Qe4+ 49. Kg1 Qf4 50. Qh4 Rxa5 51. Re1 Ra3 52. Re3 Rxe3 53. fxe3 Qxe3+ 54. Kg2 Qh3+ 55. Qxh3 gxh3+ 56. Kxh3 f6 57. exf6+ Kxf6 58. Kg4 e5 59. dxe5+ Kxe5 60. Kf3 Kd4 0-1

[Event "Pan American Intercollegiate-chT"]
[Site "Seattle"]
[Date "2023.01.07"]
[Round "5"]
[White "Theodorou, Nikolas"]
[Black "Sorokin, Aleksey"]
[Result "1/2-1/2"]
[WhiteElo "2590"]
[BlackElo "2537"]
[PlyCount "82"]
[EventDate "2023.01.05"]
[EventType "team-swiss"]
[EventRounds "6"]
[EventCountry "USA"]
[SourceTitle "CBM 212 Extra"]
[Source "ChessBase"]
[SourceDate "2023.03.31"]
[SourceVersion "1"]
[SourceVersionDate "2023.03.31"]
[SourceQuality "1"]
[WhiteTeam "St Louis Univ"]
[BlackTeam "Texas Tech Univ"]
[WhiteTeamCountry "USA"]
[BlackTeamCountry "USA"]

1. e4 c5 2. Nf3 d6 3. Bb5+ Bd7 4. Bxd7+ Qxd7 5. c4 Nf6 6. Nc3 Nc6 7. d4 cxd4 8. Nxd4 g6 9. h3 Bg7 10. Be3 0-0 11. 0-0 a6 12. a4 Rac8 13. b3 e6 14. Rc1 Rfd8 15. Nxc6 Qxc6 16. Re1 Nd7 17. Bd4 Bxd4 18. Qxd4 Qb6 19. Qxb6 Nxb6 20. Red1 Kf8 21. a5 Nd7 22. Rxd6 Ke7 23. e5 Nxe5 24. Rb6 Rd7 25. Re1 Rc5 26. Nd5+ exd5 27. Rxe5+ Kd8 28. Rxd5 Rdxd5 29. cxd5 Rb5 30. Rxb5 axb5 31. Kf1 Kd7 32. Ke2 Kd6 33. Kd3 Kxd5 34. Kc3 Kc5 35. b4+ Kd5 36. Kd3 f6 37. g4 h6 38. f3 f5 39. gxf5 gxf5 40. f4 h5 41. h4 Ke6 1/2-1/2

[Event "North American op 32nd"]
[Site "Las Vegas"]
[Date "2022.12.28"]
[Round "6"]
[White "Sethuraman, Sandeep"]
[Black "Sorokin, Aleksey"]
[Result "1/2-1/2"]
[WhiteElo "2394"]
[BlackElo "2537"]
[PlyCount "80"]
[EventDate "2022.12.26"]
[EventType "swiss"]
[EventRounds "9"]
[EventCountry "USA"]
[SourceTitle "CBM 211 Extra"]
[Source "ChessBase"]
[SourceDate "2023.01.31"]
[SourceVersion "1"]
[SourceVersionDate "2023.01.31"]
[SourceQuality "1"]

1. d4 Nf6 2. c4 g6 3. g3 c6 4. Nf3 Bg7 5. Nc3 d5 6. cxd5 cxd5 7. Ne5 0-0 8. Bg2 Bf5 9. 0-0 Ne4 10. Bf4 Nxc3 11. bxc3 Nc6 12. Nxc6 bxc6 13. Qa4 e6 14. Qxc6 Rc8 15. Qa4 Rxc3 16. Rfc1 Rxc1+ 17. Rxc1 Qb6 18. e3 Bd3 19. Qb3 Bc4 20. Qxb6 axb6 21. a4 Rc8 22. Bf1 Bf8 23. Rb1 Bxf1 24. Kxf1 Rc6 25. Bg5 Kg7 26. Bd8 Rc4 27. Rxb6 Rxa4 28. Bc7 Rb4 29. Ra6 Be7 30. Be5+ Bf6 31. Bxf6+ Kxf6 32. Ra7 g5 33. g4 h5 34. h3 Rb8 35. Kg2 Rh8 36. Rb7 Kg6 37. Re7 Rh6 38. Kg3 hxg4 39. hxg4 Rh4 40. Re8 Rh1 1/2-1/2

[Event "North American op 32nd"]
[Site "Las Vegas"]
[Date "2022.12.26"]
[Round "2"]
[White "Truelson, Joseph"]
[Black "Sorokin, Aleksey"]
[Result "0-1"]
[WhiteElo "2074"]
[BlackElo "2537"]
[PlyCount "57"]
[EventDate "2022.12.26"]
[EventType "swiss"]
[EventRounds "9"]
[EventCountry "USA"]
[SourceTitle "CBM 211 Extra"]
[Source "ChessBase"]
[SourceDate "2023.01.31"]
[SourceVersion "1"]
[SourceVersionDate "2023.01.31"]
[SourceQuality "1"]

1. Nf3 Nf6 2. g3 g6 3. b3 d5 4. Bb2 c5 5. c4 d4 6. b4 Bg7 7. Bg2 0-0 8. 0-0 Re8 9. d3 e5 10. bxc5 Nbd7 11. Nbd2 Nxc5 12. Ba3 Qc7 13. Bxc5 Qxc5 14. Ng5 Qc7 15. Rb1 Rb8 16. Qa4 b6 17. c5 Bg4 18. cxb6 axb6 19. Rfc1 Qe7 20. Kf1 Nd7 21. Ngf3 Nc5 22. Qb4 Qa7 23. Nc4 e4 24. dxe4 Nxe4 25. a3 b5 26. Qa5 Qe7 27. Rxb5 Rxb5 28. Qxb5 Nc3 29. Kg1 0-1

[Event "Titled Tuesday intern op 29th Nov Late"]
[Site "Chess.com INT"]
[Date "2022.11.29"]
[Round "1"]
[White "Sorokin, Aleksey"]
[Black "Haszon, David"]
[Result "1-0"]
[WhiteElo "2537"]
[BlackElo "2291"]
[PlyCount "41"]
[EventDate "2022.11.29"]
[EventType "swiss (blitz)"]
[EventRounds "11"]
[EventCountry "USA"]
[SourceTitle "EXT 2024"]
[Source "ChessBase"]
[SourceDate "2023.10.10"]
[SourceVersion "1"]
[SourceVersionDate "2023.10.10"]
[SourceQuality "1"]

1. c4 Nf6 2. Nc3 e6 3. e4 d6 4. d4 Nbd7 5. Nf3 Nb6 6. Be2 Be7 7. 0-0 0-0 8. Qc2 Nfd7 9. Rd1 Qe8 10. Be3 e5 11. Nb5 Bd8 12. c5 exd4 13. cxb6 dxe3 14. bxc7 exf2+ 15. Kxf2 Be7 16. Nxd6 Bxd6 17. Rxd6 Ne5 18. Rd8 Ng4+ 19. Kg3 Qe6 20. Qc5 Re8 21. Bb5 1-0

[Event "Titled Tuesday intern op 25th Oct Late"]
[Site "Chess.com INT"]
[Date "2022.10.25"]
[Round "9"]
[White "Sorokin, Aleksey"]
[Black "Caruana, Fabiano"]
[Result "0-1"]
[WhiteElo "2538"]
[BlackElo "2763"]
[PlyCount "72"]
[EventDate "2022.10.25"]
[EventType "swiss (blitz)"]
[EventRounds "11"]
[EventCountry "USA"]
[SourceTitle "EXT 2024"]
[Source "ChessBase"]
[SourceDate "2023.10.10"]
[SourceVersion "1"]
[SourceVersionDate "2023.10.10"]
[SourceQuality "1"]

1. c4 e5 2. Nc3 Bb4 3. g3 Bxc3 4. bxc3 d6 5. Bg2 Nc6 6. Nh3 Nge7 7. 0-0 0-0 8. d3 h6 9. f4 Be6 10. e4 f5 11. fxe5 dxe5 12. exf5 Bxf5 13. Nf2 Qd7 14. Rb1 b6 15. Qe2 Rad8 16. Ba3 Rf7 17. Rbd1 Kh8 18. h3 Be6 19. Kh2 Nf5 20. Ng4 Re8 21. Rde1 Nfe7 22. Rxf7 Bxf7 23. Bxe7 Rxe7 24. Bxc6 Qxc6 25. Nxe5 Qf6 26. d4 Bxc4 27. Qg2 Re8 28. Re4 Bg8 29. a3 Qd6 30. Rf4 Bd5 31. Qf2 Kg8 32. a4 c5 33. h4 cxd4 34. cxd4 Rc8 35. h5 Bb3 36. Ng6 Bc2 0-1

[Event "Titled Tuesday intern op 25th Oct Late"]
[Site "Chess.com INT"]
[Date "2022.10.25"]
[Round "8"]
[White "Sorokin, Aleksey"]
[Black "Piesik, Piotr"]
[Result "1-0"]
[WhiteElo "2538"]
[BlackElo "2423"]
[PlyCount "135"]
[EventDate "2022.10.25"]
[EventType "swiss (blitz)"]
[EventRounds "11"]
[EventCountry "USA"]
[SourceTitle "EXT 2024"]
[Source "ChessBase"]
[SourceDate "2023.10.10"]
[SourceVersion "1"]
[SourceVersionDate "2023.10.10"]
[SourceQuality "1"]

1. c4 g6 2. Nc3 Bg7 3. d4 d6 4. Nf3 Nc6 5. d5 Ne5 6. Bf4 Nxf3+ 7. exf3 Nf6 8. g4 c6 9. h4 h5 10. g5 Nd7 11. Bh3 Ne5 12. Qe2 Bxh3 13. Rxh3 Qd7 14. Rh1 0-0 15. Bg3 Qf5 16. Bxe5 Bxe5 17. Rd1 Bxc3+ 18. bxc3 Rfe8 19. Qe4 Qd7 20. Kf1 e6 21. dxc6 bxc6 22. Kg2 d5 23. Qe5 Qe7 24. Rb1 dxc4 25. Rhd1 Rad8 26. Rd4 Rd5 27. Qe4 Rxd4 28. Qxd4 Rd8 29. Qxc4 Qd7 30. Qc5 Qc7 31. c4 Rd3 32. Rb3 Rxb3 33. axb3 a5 34. Qd4 c5 35. Qe3 Qb6 36. Qd3 Kg7 37. f4 Qc6+ 38. Qf3 Qb6 39. Qc3+ Kg8 40. Qd3 a4 41. bxa4 Qc6+ 42. Kg3 Qxa4 43. Qd8+ Kg7 44. Qf6+ Kg8 45. Qd8+ Kh7 46. Qe7 Qa3+ 47. f3 Kg8 48. Qd8+ Kg7 49. Qf6+ Kg8 50. Qe5 Qb4 51. Qe4 Qd2 52. Qe5 Qb4 53. f5 exf5 54. Qe8+ Kg7 55. Qe5+ Kh7 56. Qd5 Qe1+ 57. Kf4 Qe7 58. Qe5 Qa7 59. Qd6 Kg7 60. Qe5+ Kg8 61. Qe8+ Kh7 62. Ke5 Kg7 63. Kd5 Qb7+ 64. Qc6 Qb1 65. Qxc5 Qh1 66. Qd4+ Kf8 67. Kd6 Qxf3 68. Qh8# 1-0

[Event "Titled Tuesday intern op 25th Oct Late"]
[Site "Chess.com INT"]
[Date "2022.10.25"]
[Round "11"]
[White "Sorokin, Aleksey"]
[Black "Rustemov, Alexander"]
[Result "1-0"]
[WhiteElo "2538"]
[BlackElo "2525"]
[PlyCount "97"]
[EventDate "2022.10.25"]
[EventType "swiss (blitz)"]
[EventRounds "11"]
[EventCountry "USA"]
[SourceTitle "EXT 2024"]
[Source "ChessBase"]
[SourceDate "2023.10.10"]
[SourceVersion "1"]
[SourceVersionDate "2023.10.10"]
[SourceQuality "1"]

1. c4 c5 2. Nf3 g6 3. Nc3 Bg7 4. e3 Nf6 5. b3 0-0 6. Bb2 d5 7. Nxd5 Nxd5 8. Bxg7 Kxg7 9. cxd5 Qxd5 10. Bc4 Qd6 11. d4 cxd4 12. Qxd4+ Qxd4 13. Nxd4 Bd7 14. Bd5 Nc6 15. Nxc6 Bxc6 16. Bxc6 bxc6 17. Rc1 Rfc8 18. Rc4 a5 19. Kd2 Kf6 20. Kc3 Ke6 21. Rd1 f5 22. e4 f4 23. Rc5 Ra6 24. Rd4 Rc7 25. h4 h6 26. Kd3 Rd7 27. Re5+ Kxe5 28. Rxd7 e6 29. Rh7 h5 30. Rg7 Kf6 31. Rc7 Ke5 32. f3 a4 33. b4 a3 34. Kc4 Rb6 35. Ra7 Kd6 36. Rxa3 Rb7 37. Rd3+ Kc7 38. a4 Rb8 39. e5 g5 40. Rd6 gxh4 41. Rxe6 Rg8 42. Rh6 Rxg2 43. Rxh5 Rh2 44. Rh7+ Kd8 45. a5 h3 46. a6 Ra2 47. a7 h2 48. Rxh2 Rxa7 49. Rh8+ 1-0

[Event "Titled Tuesday intern op 04th Oct Late"]
[Site "Chess.com INT"]
[Date "2022.10.04"]
[Round "8"]
[White "Bryakin, Mikhail"]
[Black "Sorokin, Aleksey"]
[Result "1/2-1/2"]
[WhiteElo "2436"]
[BlackElo "2538"]
[PlyCount "219"]
[EventDate "2022.10.04"]
[EventType "swiss (blitz)"]
[EventRounds "11"]
[EventCountry "USA"]
[SourceTitle "EXT 2023"]
[Source "ChessBase"]
[SourceDate "2022.10.05"]
[SourceVersion "1"]
[SourceVersionDate "2022.10.05"]
[SourceQuality "1"]

1. d4 Nf6 2. Nc3 d5 3. Bf4 e6 4. Nb5 Na6 5. e3 Be7 6. Nf3 0-0 7. Bd3 c6 8. Nc3 Nb4 9. 0-0 Nxd3 10. cxd3 b6 11. Ne5 Bb7 12. h3 Nd7 13. Ne2 Nxe5 14. Bxe5 c5 15. Rc1 Qd7 16. Qd2 Rac8 17. Rc2 f6 18. Bg3 cxd4 19. Nxd4 e5 20. Ne2 Rxc2 21. Qxc2 Rc8 22. Qd2 d4 23. e4 a5 24. f4 Bb4 25. Qd1 Qe6 26. fxe5 fxe5 27. a3 Bd6 28. Qd2 h6 29. Bh4 Rf8 30. Rxf8+ Bxf8 31. Be1 Qc6 32. Ng3 Bc8 33. Qe2 Qc1 34. Nf5 g6 35. Nh4 Kg7 36. Nf3 Bd6 37. Qd2 Qxd2 38. Bxd2 Ba6 39. Ne1 h5 40. g4 hxg4 41. hxg4 Kf7 42. Kf2 Ke6 43. g5 Bc8 44. Ke2 Kd7 45. Kd1 Kc6 46. Kc2 Bg4 47. Ng2 Kb5 48. Nh4 Bh5 49. Bc1 Kc6 50. Bd2 a4 51. Be1 b5 52. Bb4 Bxb4 53. axb4 Kd6 54. Ng2 Ke6 55. Kd2 Kd6 56. Ne1 Bg4 57. Nc2 Kc6 58. Na3 Be6 59. Kc1 Bg4 60. Nb1 Be6 61. Nd2 Kd6 62. Kc2 Kc6 63. Nf3 Kd6 64. Nh4 Bf7 65. Nf3 Be6 66. Nh2 Bb3+ 67. Kc1 Be6 68. Nf1 Bg4 69. Nd2 Be6 70. Nf3 Bg4 71. Nh4 Bh5 72. Kc2 Ke6 73. Ng2 Kd6 74. Ne1 Bg4 75. b3 axb3+ 76. Kxb3 Be6+ 77. Kc2 Bg4 78. Kd2 Kc6 79. Nc2 Be6 80. Na1 Kd6 81. Kc1 Kc6 82. Kb2 Kd6 83. Nc2 Bg4 84. Kc1 Kc6 85. Na1 Be6 86. Kd2 Kd6 87. Nc2 Kc6 88. Na3 Bd7 89. Ke2 Be6 90. Kf2 Bb3 91. Ke2 Be6 92. Nb1 Bg4+ 93. Ke1 Be6 94. Nd2 Kd6 95. Nf3 Bg4 96. Nh4 Bh5 97. Kd2 Ke6 98. Kc2 Kd6 99. Ng2 Ke6 100. Ne1 Kd6 101. Kb2 Bg4 102. Nc2 Be6 103. Kc1 Kc6 104. Na3 Bg4 105. Nb1 Be6 106. Nd2 Kd6 107. Kb2 Kc6 108. Kc2 Kd6 109. Nf3 Bg4 110. Ne1 1/2-1/2

[Event "Titled Tuesday intern op 04th Oct Late"]
[Site "Chess.com INT"]
[Date "2022.10.04"]
[Round "9"]
[White "Sorokin, Aleksey"]
[Black "Vasquez Schroder, Rodrigo Rafael"]
[Result "0-1"]
[WhiteElo "2538"]
[BlackElo "2520"]
[PlyCount "140"]
[EventDate "2022.10.04"]
[EventType "swiss (blitz)"]
[EventRounds "11"]
[EventCountry "USA"]
[SourceTitle "EXT 2023"]
[Source "ChessBase"]
[SourceDate "2022.10.05"]
[SourceVersion "1"]
[SourceVersionDate "2022.10.05"]
[SourceQuality "1"]

1. e4 c5 2. Nf3 d6 3. Bb5+ Nd7 4. Ba4 Ngf6 5. 0-0 a6 6. Re1 b5 7. Bb3 c4 8. Bxc4 bxc4 9. Qe2 Qc7 10. Na3 Nb6 11. e5 dxe5 12. Nxe5 Be6 13. b3 cxb3 14. axb3 g6 15. c4 Bg7 16. d4 0-0 17. d5 Bf5 18. Bf4 Nh5 19. Bd2 e6 20. Bb4 exd5 21. Bxf8 Rxf8 22. c5 Qxc5 23. Qxa6 Ra8 24. Qb7 Bxe5 25. Rxe5 Rxa3 26. Rae1 Ra2 27. R5e3 Nf6 28. h3 Ne4 29. Qb8+ Kg7 30. g4 Be6 31. Qe5+ Kg8 32. b4 Qc2 33. R3e2 Qxe2 34. Rxe2 Rxe2 35. b5 Nc4 36. Qb8+ Kg7 37. b6 Rb2 38. b7 Nc5 39. Qf4 Nxb7 40. Qd4+ Kg8 41. g5 Rb1+ 42. Kh2 Nbd6 43. h4 Nf5 44. Qf6 Ncd6 45. Qd8+ Kg7 46. Qf6+ Kf8 47. h5 gxh5 48. Qh8+ Ke7 49. Qxh7 Rb2 50. Kg1 Ne4 51. g6 Nf6 52. Qh8 fxg6 53. Qa8 Rb1+ 54. Kg2 Kf7 55. Qa7+ Ne7 56. Qe3 Rb4 57. Qe5 Rg4+ 58. Kh2 Re4 59. Qb2 Ng4+ 60. Kg3 Re5 61. f3 Nf5+ 62. Kf4 g5+ 63. Kxg5 Nd4+ 64. Kh4 Nxf3+ 65. Kg3 Ng5 66. Kf4 Kg6 67. Qd2 Rf5+ 68. Kg3 Ne4+ 69. Kh3 Nxd2 70. Kh4 Nf3+ 0-1

[Event "US op 122nd"]
[Site "Rancho Mirage"]
[Date "2022.08.06"]
[Round "8"]
[White "Sorokin, Aleksey"]
[Black "Shabalov, Alexander"]
[Result "1-0"]
[WhiteElo "2541"]
[BlackElo "2510"]
[PlyCount "107"]
[EventDate "2022.07.30"]
[EventType "swiss"]
[EventRounds "9"]
[EventCountry "USA"]
[SourceTitle "CBM 209 Extra"]
[Source "ChessBase"]
[SourceDate "2022.09.30"]
[SourceVersion "1"]
[SourceVersionDate "2022.09.30"]
[SourceQuality "1"]

1. d4 d5 2. c4 c6 3. Nf3 e6 4. e3 Bd6 5. Bd3 f5 6. 0-0 Nh6 7. b3 Nd7 8. Ba3 Bxa3 9. Nxa3 0-0 10. Nc2 Qf6 11. Be2 g5 12. Nb4 g4 13. Ne1 dxc4 14. Bxc4 a5 15. Nbc2 b5 16. Be2 Bb7 17. f3 gxf3 18. Bxf3 e5 19. Nd3 Rae8 20. Nxe5 Nxe5 21. dxe5 Qxe5 22. Qd4 Nf7 23. Qf4 Qc3 24. Nd4 Ne5 25. Nxf5 Nxf3+ 26. Qxf3 Kh8 27. e4 Qe5 28. Qg3 Qxg3 29. Nxg3 Rxf1+ 30. Rxf1 c5 31. Rf5 Bxe4 32. Rxc5 Bb1 33. a3 Rb8 34. Ne2 a4 35. Nc3 Bc2 36. b4 Bd3 37. Kf2 Re8 38. g4 Kg7 39. h4 Re7 40. Rd5 Bc4 41. Rg5+ Kf8 42. Rc5 Bd3 43. g5 h6 44. gxh6 Kg8 45. Rg5+ Kh8 46. Nxb5 Re2+ 47. Kf3 Bxb5 48. Rxb5 Ra2 49. Ra5 Rxa3+ 50. Kg4 Ra1 51. Kh5 a3 52. Ra8+ Kh7 53. Ra7+ Kh8 54. h7 1-0

[Event "Hollywood Classic-A 2nd"]
[Site "Los Angeles"]
[Date "2022.07.29"]
[Round "9"]
[White "Sorokin, Aleksey"]
[Black "Kavutskiy, Konstantin"]
[Result "1-0"]
[WhiteElo "2541"]
[BlackElo "2401"]
[PlyCount "65"]
[EventDate "2022.07.25"]
[EventType "tourn"]
[EventRounds "9"]
[EventCountry "USA"]
[EventCategory "8"]
[SourceTitle "EXT 2024"]
[Source "ChessBase"]
[SourceDate "2023.10.10"]
[SourceVersion "1"]
[SourceVersionDate "2023.10.10"]
[SourceQuality "1"]

1. d4 Nf6 2. c4 g6 3. Nc3 Bg7 4. e4 d6 5. Nf3 0-0 6. Be2 e5 7. 0-0 Nc6 8. d5 Ne7 9. b4 Nh5 10. Re1 a5 11. bxa5 Rxa5 12. Nd2 f5 13. exf5 Nxf5 14. Nb3 Ra8 15. Bxh5 gxh5 16. Qxh5 Nd4 17. Nxd4 exd4 18. Ne4 Bf5 19. Bh6 Qd7 20. Qg5 Bg6 21. Bxg7 Qxg7 22. Qd2 Ra3 23. Ng5 Qh6 24. Qb2 Rc3 25. Ne6 Rc2 26. Qxd4 Rfxf2 27. Qxf2 Rxf2 28. Kxf2 Qxh2 29. Re3 Qh4+ 30. Kg1 h5 31. Rf1 Bc2 32. Rf8+ Kh7 33. Rf4 1-0

[Event "Hollywood Classic-A 2nd"]
[Site "Los Angeles"]
[Date "2022.07.28"]
[Round "7"]
[White "Sorokin, Aleksey"]
[Black "Batchuluun, Tsegmed"]
[Result "1/2-1/2"]
[WhiteElo "2541"]
[BlackElo "2510"]
[PlyCount "130"]
[EventDate "2022.07.25"]
[EventType "tourn"]
[EventRounds "9"]
[EventCountry "USA"]
[EventCategory "8"]
[SourceTitle "EXT 2024"]
[Source "ChessBase"]
[SourceDate "2023.10.10"]
[SourceVersion "1"]
[SourceVersionDate "2023.10.10"]
[SourceQuality "1"]

1. e4 e6 2. d4 d5 3. Nc3 Nf6 4. e5 Nfd7 5. f4 c5 6. Nf3 Nc6 7. Be3 a6 8. Qd2 b5 9. a3 Bb7 10. Bd3 Qb6 11. Qf2 Rc8 12. h4 cxd4 13. Nxd4 Nxd4 14. Bxd4 Bc5 15. Ne2 0-0 16. Qe3 f6 17. 0-0 fxe5 18. fxe5 Bxd4 19. Nxd4 Rxf1+ 20. Rxf1 Rf8 21. Rxf8+ Nxf8 22. c3 Bc6 23. h5 h6 24. Kf2 Be8 25. g4 Qc7 26. Kg3 Bf7 27. Nf3 Nd7 28. Qf4 Qb8 29. Qd4 Be8 30. Kf4 Qc7 31. Kg3 Qb8 32. Bc2 Bf7 33. Qf4 Be8 34. Kf2 Qd8 35. Ke2 Qb8 36. Kf2 Bf7 37. Ke1 Be8 38. Kd2 Bf7 39. Kc1 Be8 40. Qd4 Qc7 41. Kd1 Qb8 42. Qb4 Nxe5 43. Nxe5 Qxe5 44. Qe7 Qb8 45. Bg6 Bxg6 46. hxg6 Qc8 47. Kd2 Kh8 48. Ke3 a5 49. Kd2 Kg8 50. Ke3 b4 51. Qf7+ Kh8 52. cxb4 axb4 53. axb4 Qc1+ 54. Kf3 Qf1+ 55. Kg3 Qg1+ 56. Kf4 Qd4+ 57. Kf3 Qd1+ 58. Kf2 Qd4+ 59. Kg3 Qg1+ 60. Kf3 Qf1+ 61. Ke3 Qe1+ 62. Kf3 Qf1+ 63. Kg3 Qg1+ 64. Kf4 Qd4+ 65. Kf3 Qd1+ 1/2-1/2

[Event "Hollywood Classic-A 2nd"]
[Site "Los Angeles"]
[Date "2022.07.26"]
[Round "3"]
[White "Sorokin, Aleksey"]
[Black "Mikaelyan, Arman"]
[Result "1/2-1/2"]
[WhiteElo "2541"]
[BlackElo "2507"]
[PlyCount "138"]
[EventDate "2022.07.25"]
[EventType "tourn"]
[EventRounds "9"]
[EventCountry "USA"]
[EventCategory "8"]
[SourceTitle "EXT 2024"]
[Source "ChessBase"]
[SourceDate "2023.10.10"]
[SourceVersion "1"]
[SourceVersionDate "2023.10.10"]
[SourceQuality "1"]

1. d4 d5 2. c4 c6 3. Nf3 Nf6 4. e3 Bf5 5. Nc3 e6 6. Nh4 Bg6 7. Nxg6 hxg6 8. Bd2 Nbd7 9. g3 Be7 10. b3 a6 11. Bg2 b5 12. 0-0 0-0 13. Qe2 bxc4 14. bxc4 Nb6 15. c5 Nc4 16. Na4 Nd7 17. Bc3 e5 18. e4 exd4 19. exd5 dxc3 20. Qxc4 cxd5 21. Bxd5 Rc8 22. Rad1 Qc7 23. c6 Bf6 24. Qxa6 Nb8 25. Qc4 Nxc6 26. Nxc3 Ne7 27. Qxc7 Rxc7 28. Ne4 Nxd5 29. Rxd5 Be7 30. Rfd1 Ra8 31. Rd7 Rxd7 32. Rxd7 Kf8 33. Rd2 f5 34. Nd6 Bxd6 35. Rxd6 Rxa2 36. Rxg6 Kf7 37. Rb6 g5 38. Kg2 g4 39. Rb4 Kf6 40. Rf4 Kg5 41. h3 gxh3+ 42. Kxh3 Rb2 43. Kg2 Ra2 44. Rb4 Rc2 45. Rb3 Ra2 46. Re3 Rb2 47. Kf3 Ra2 48. Re2 Ra3+ 49. Kg2 Rb3 50. Ra2 Rc3 51. f3 Rc6 52. Ra5 Kg6 53. Kh3 Rb6 54. Ra8 Rc6 55. Rg8+ Kf6 56. Ra8 Kg6 57. Kh4 Rc4+ 58. f4 Rc6 59. Rg8+ Kf7 60. Rg5 Rh6+ 61. Rh5 Kg6 62. Rxh6+ Kxh6 63. Kh3 Kh7 64. Kg2 Kg6 65. Kf3 Kf7 66. Kf2 Kf6 67. Ke2 Ke6 68. Ke3 Ke7 69. Kf3 Kf7 1/2-1/2

[Event "Chess.com Rapid Wk20 Swiss"]
[Site "Chess.com INT"]
[Date "2022.07.09"]
[Round "1"]
[White "Sorokin, Aleksey"]
[Black "Vidit, Santosh Gujrathi"]
[Result "0-1"]
[WhiteElo "2541"]
[BlackElo "2714"]
[PlyCount "126"]
[EventDate "2022.07.09"]
[EventType "swiss (rapid)"]
[EventRounds "9"]
[EventCountry "USA"]
[SourceTitle "CBM 209 Extra"]
[Source "ChessBase"]
[SourceDate "2022.09.30"]
[SourceVersion "1"]
[SourceVersionDate "2022.09.30"]
[SourceQuality "1"]

1. d4 Nf6 2. c4 e6 3. Nc3 Bb4 4. e3 0-0 5. Bd3 d5 6. a3 Bxc3+ 7. bxc3 dxc4 8. Bxc4 c5 9. Ne2 Qc7 10. Bd3 Nc6 11. 0-0 e5 12. Ng3 Re8 13. f4 e4 14. Be2 cxd4 15. cxd4 Be6 16. f5 Bd5 17. Nh5 Qd6 18. Nxf6+ Qxf6 19. Bd2 Rad8 20. Be1 Qg5 21. Qc1 Rc8 22. Qd2 b6 23. Ba6 Rcd8 24. Bb5 a6 25. Bxa6 Na5 26. Qf2 Bc4 27. Bxc4 Nxc4 28. Bd2 Rd5 29. a4 Ra8 30. Qe2 Nxd2 31. Qxd2 Rxf5 32. Rxf5 Qxf5 33. Qb4 Qg5 34. Re1 h5 35. Qc4 Re8 36. d5 h4 37. h3 Qg3 38. Re2 Re7 39. Rf2 Qc7 40. Qxc7 Rxc7 41. Rf4 Rc4 42. d6 Rxa4 43. d7 Ra8 44. Rxe4 Kf8 45. Kf2 g5 46. Kf3 Rd8 47. Rd4 Ke7 48. Rb4 Rb8 49. Rd4 b5 50. Kg4 f6 51. Kf5 Rd8 52. Rb4 Rxd7 53. Rxb5 Kf7 54. Rb6 Rd5+ 55. Kg4 Rd2 56. Kh5 Rxg2 57. Rb7+ Ke6 58. Kg6 Ke5 59. Rb5+ Ke4 60. Rf5 Kxe3 61. Rxf6 g4 62. Rf5 gxh3+ 63. Kh5 h2 0-1

[Event "Chicago op 31st"]
[Site "Chicago"]
[Date "2022.05.29"]
[Round "6"]
[White "Sorokin, Aleksey"]
[Black "Kavutskiy, Konstantin"]
[Result "1/2-1/2"]
[WhiteElo "2535"]
[BlackElo "2407"]
[PlyCount "79"]
[EventDate "2022.05.26"]
[EventType "swiss"]
[EventRounds "9"]
[EventCountry "USA"]
[SourceTitle "CBM 208 Extra"]
[Source "ChessBase"]
[SourceDate "2022.07.31"]
[SourceVersion "1"]
[SourceVersionDate "2022.07.31"]
[SourceQuality "1"]

1. d4 Nf6 2. c4 g6 3. Nc3 Bg7 4. e4 d6 5. Nf3 0-0 6. Be2 e5 7. 0-0 Nc6 8. d5 Ne7 9. b4 a5 10. bxa5 Rxa5 11. a4 Ne8 12. Be3 f5 13. c5 fxe4 14. Nxe4 Nf5 15. Bd2 Ra8 16. Rc1 Nf6 17. Nxf6+ Bxf6 18. cxd6 cxd6 19. Bd3 Bd7 20. Bc2 e4 21. Bxe4 Bxa4 22. Qe2 Qe8 23. Rfe1 Bb5 24. Qd1 Ba4 25. Bc2 Bxc2 26. Rxc2 Qa4 27. h3 Rfe8 28. Re6 Rxe6 29. dxe6 Re8 30. Qb1 Qe4 31. Qb3 Nd4 32. Nxd4 Bxd4 33. e7+ Kg7 34. Rc4 Qd5 35. Bc3 Bxc3 36. Qxc3+ Qe5 37. Qxe5+ dxe5 38. Rc7 b5 39. Rb7 Kf6 40. Rxb5 1/2-1/2